Some results on h-hypertounament matrices

Saved in:
Bibliografiske detaljer
Main Authors: Rojo, Oscar (Author), Montaño, Emedín (Author)
Format: Bog
Sprog:engelsk
Udgivet: Antofagasta Universidad Católica del Norte 1996
Fag:
Tags: Tilføj Tag
Ingen Tags, Vær først til at tagge denne postø!

MARC

LEADER 00000nam a2200000 a 4500
001 UCP5641
003 CL-VaPUC
008 990927e19960000CL |||||||||||||||||eng|d
082 0 4 |a 512.943  |b ROJ  |2 21 
100 0 |a Rojo, Oscar  |e author  |9 434135 
700 0 |a Montaño, Emedín  |e author  |9 434136 
245 1 0 |a Some results on h-hypertounament matrices 
300 |a 7 p 
942 |c BK 
945 |d 19990927 00:00:00  |a rbrito 
260 |a Antofagasta  |b Universidad Católica del Norte  |c 1996 
650 0 |a Matrices   |9 22 
583 |a last modification  |c 19990927 00:00:00  |k Rodrigo Vera 
999 |c 283338  |d 283336